Lyrics to Sweet Child O' Mine - Statistics

General Stats
  • This quiz has been taken 1,051 times
  • The average score is 195 of 234
Answer Stats
Answer % Correct
child
98%
child,
98%
o'
98%
a
96%
go?
95%
go
95%
I
95%
mine
94%
of
94%
Sweet
94%
sweet
94%
me
93%
to
92%
To
92%
got
90%
see
90%
an
89%
Reminds
89%
reminds
89%
smile
89%
that
89%
the
89%
She's
88%
sky
88%
and
87%
And
87%
blue
87%
childhood
86%
memories
86%
Where
86%
do
85%
it
84%
It
84%
Now
84%
now?
84%
now,
84%
seems
84%
when
81%
her
80%
Her
80%
we
80%
place
79%
love
78%
as
77%
As
77%
cry
77%
eyes
77%
face
77%
bright
76%
if
76%
then
76%
everything
74%
special
74%
takes
74%
down
73%
was
72%
away
71%
break
71%
long
70%
probably
70%
I'd
69%
too
69%
look
64%
rain
62%
bluest
60%
those
60%
into
59%
hair
58%
skies
57%
they
57%
fresh
56%
hate
56%
by
55%
ounce
55%
pain
55%
for
53%
pass
53%
thunder
53%
hide
50%
warm
48%
safe
46%
pray
44%
quietly
44%
thought
40%
stared
32%
No matching quizzes found
Score Distribution
Percent of People with Each Score
Percentile by Number Answered
Your Score History
You have not taken this quiz